Wilayas d'Algérie sur une carte - Statistiques

Statistiques générales
  • Ce quiz a été pris 4 485 fois
  • Le résultat moyen est 25 sur 58
Réponses sur la Carte
Les réponses sont colorées sur une échelle allant du rouge au vert en fonction du pourcentage des utilisateurs qui les ont devinées à leur premier essai. Vous pouvez retrouver ces pourcentages ci-dessous.
 
Statistiques - réponses
Wilayas % Correct
Alger
98%
Oran
96%
Béjaïa
83%
Constantine
82%
Tizi Ouzou
80%
Annaba
78%
Tlemcen
77%
Sétif
73%
Mostaganem
66%
Blida
62%
Jijel
62%
Chlef
60%
Skikda
56%
Batna
55%
Biskra
55%
Tamanrasset
55%
Boumerdès
53%
Tipaza
53%
Adrar
51%
Béchar
49%
Tindouf
49%
Sidi Bel Abbès
48%
Bouira
46%
Mascara
43%
Djanet
41%
Djelfa
41%
Ghardaïa
40%
M'Sila
40%
El Oued
39%
Guelma
37%
Tiaret
37%
Ouargla
36%
Tébessa
36%
Aïn Témouchent
35%
Relizane
34%
Bordj Bou Arreridj
33%
Laghouat
33%
Mila
33%
Saïda
33%
Médéa
31%
Illizi
30%
Timimoun
30%
Khenchela
29%
Aïn Defla
28%
Souk Ahras
28%
El Tarf
27%
Naâma
25%
El Bayadh
24%
Oum El Bouaghi
24%
In Salah
23%
In Guezzam
21%
Tissemsilt
21%
Touggourt
20%
Bordj Badji Mokhtar
19%
Béni Abbès
17%
El Meniaa
13%
Ouled Djellal
12%
El M'Ghair
11%
Aucun quiz correspondant
Distribution des résultats
% des personnes avec chaque résultat
Percentile par nombre de réponses
Votre historique - résultats
Vous n’avez pas pris ce quiz